000 00281nam a22001337a 4500
008 181219b xxu||||| |||| 00| 0 eng d
020 _a9780679745891
041 _aeng
080 _a371
100 _a46
101 _aEDU
245 _aWord Smart
_cRobinson,A
942 _2udc
_cBK
999 _c53515
_d53515